LDR 00991naa#a2200181#i#450# 001 RU\\bibl\120201 005 20260630004643.2 011 ## _a2500-4026 100 ## _a20230630b2023####ek#y0rusy0150####ca 101 0# _aRUS 102 ## _aRU 200 1# _aАЛГОРИТМ ОЦЕНКИ ВРЕМЕННЫХ ПОКАЗАТЕЛЕЙ ЛОКАЛИЗАЦИИ РАЗЛИВА НЕФТИ И НЕФТЕПРОДУКТОВ НА СУШЕ ДЛЯ РУКОВОДИТЕЛЯ ЛИКВИДАЦИИ ЧРЕЗВЫЧАЙНОЙ СИТУАЦИИ _eЖурнальная статья 210 1# _aЖелезногорск _cФГБОУ ВО Сибирская пожарно-спасательная академия ГПС МЧС России _d2023 215 ## _a8 с. 608 ## _aЖурнальная статья _2local 675 ## _aИнженерные и экономические расчеты. Предварительные мероприятия. 624.131.8 _zRUS 700 #1 _aЛебедев _gА Ю 856 4# _aapbt-sibpsa.editorum.ru _u